000 00626nab a2200181 4500
001 244442
003 OSt
005 20250710081619.0
007 tu
008 200917s2020|||||||
040 _aDE-2950
_cDE-2950
245 0 0 _aFilmhits auf dem Anger
_bOpen Air. Zu den Konzerten von "Klassik ohne Grenzen" werden im August in Frankfurt wieder Tausende Besucher erwartet. Auch Kinofans kommen auf ihre Kosten/
_cThomas Gutke
264 _c2024
653 _aFrankfurt (Oder)
653 _a"Klassik ohne Grenzen"
773 0 _g36. Jahrgang (2025) Nr. 155 vom 07.07.2025, S. 14 mit Foto
_tMärkische Oderzeitung
942 _2z
_cA
999 _c373884
_d373884